Largest Cities of the German Empire (1900) - Statistics

General Stats
  • This quiz has been taken 51 times
  • The average score is 39 of 100
Answer Stats
Population Answer Modern-Day Country % Correct
2,707,000 Berlin Germany
98%
895,000 Hamburg Germany
98%
499,000 Munich Germany
98%
437,000 Cologne Germany
95%
350,000 Frankfurt am Main Germany
88%
61,000 Frankfurt an der Oder Germany
88%
140,000 Danzig Poland
86%
540,000 Dresden Germany
86%
532,000 Leipzig Germany
84%
766,000 Ruhr Germany
81%
213,000 Düsseldorf Germany
79%
182,000 Bremen Germany
77%
422,000 Breslau Poland
77%
189,000 Königsberg Russia
77%
224,000 Stuttgart Germany
77%
117,000 Posen Poland
72%
117,000 Kiel Germany
70%
172,000 Strasbourg France
70%
261,000 Nuremberg Germany
67%
289,000 Hanover Germany
65%
210,000 Stettin Poland
63%
135,000 Aachen Germany
60%
59,000 Bonn Germany
60%
142,000 Dortmund Germany
60%
82,000 Lübeck Germany
58%
229,000 Magdeburg Germany
56%
203,000 Mannheim Germany
56%
206,000 Chemnitz Germany
53%
52,000 Ulm Germany
53%
102,000 Augsburg Germany
51%
97,000 Karlsruhe Germany
51%
54,000 Rostock Germany
51%
75,000 Saarbrücken Germany
51%
61,000 Freiburg im Breisgau Germany
49%
63,000 Munster Germany
49%
30,000 Freiberg Germany
47%
59,000 Potsdam Germany
47%
63,000 Bielefeld Germany
44%
45,000 Regensburg Germany
44%
128,000 Braunschweig Germany
42%
156,000 Halle Germany
42%
40,000 Heidelberg Germany
42%
58,000 Metz France
42%
43,000 Trier Germany
42%
298,000 Wuppertal Germany
42%
85,000 Erfurt Germany
40%
c. 73,800 German Tsingtao China
40%
193,000 Wiesbaden Germany
40%
72,000 Darmstadt Germany
35%
48,000 Koblenz Germany
35%
40,000 Worms Germany
35%
75,000 Würzburg Germany
35%
39,000 Cottbus Germany
33%
48,000 Kaiserslautern Germany
33%
89,000 Mülhausen France
33%
48,000 Flensburg Germany
30%
51,000 Osnabrück Germany
30%
49,000 Brandenburg Germany
28%
64,000 Bremerhaven Germany
28%
36,000 Colmar France
28%
109,000 Crefeld Germany
26%
45,000 Gera Germany
26%
30,000 Göttingen Germany
26%
54,000 Fürth Germany
23%
37,000 Heilbronn Germany
23%
61,000 Ludwigshafen Germany
21%
62,000 Zwickau Germany
21%
92,000 Bergisch Gladbach Germany
19%
52,000 Bromberg Poland
19%
50,000 Dessau-Roßlau Germany
19%
80,000 Görlitz Germany
19%
31,000 Hamm Germany
19%
45,000 Solingen Germany
19%
41,000 Bamberg Germany
16%
c. 53,800 German Tientsin China
16%
43,000 Pforzheim Germany
16%
30,000 Oppeln Poland
14%
52,000 Elbing Poland
12%
386,000 Gleiwitz Poland
12%
42,000 Hildesheim Germany
12%
55,000 Liegnitz Poland
12%
58,000 Remscheid Germany
12%
34,000 Tilsit Russia
12%
40,000 Zanzibar Tanzania
12%
31,000 Eisenach Germany
9%
31,000 Stralsund Germany
9%
37,000 Altenburg Germany
5%
34,000 Gotha Germany
5%
33,000 Mühlhausen Germany
5%
50,000 Dikwa Nigeria
2%
32,000 Forst Germany
2%
32,000 Graudenz Poland
2%
32,000 Hof Germany
2%
30,000 Pirmasens Germany
2%
30,000 Zittau Germany
2%
34,000 Bernburg Germany
0%
33,000 Guben Germany
0%
42,000 Halberstadt Germany
0%
33,000 Landsberg am Lech Germany
0%
38,000 Meckenbeuren Germany
0%
No matching quizzes found
Score Distribution
Percent of People with Each Score
Percentile by Number Answered
Your Score History
You have not taken this quiz